000 01558nam0a22003491 4500
001 v19\rc\2104361
005 20250418153553.0
035 _a(NLR Aleph) 005184789
090 _a5156718
_c5156718
100 _a20090914d1807 |||y0rusy50 ca
101 0 _arus
102 _aRU
105 _ay z |||||
200 1 _aНаставление правильно состязаться с раскольниками,
_fсочиненное в Рязанской семинарии по предписанию покойнаго преосвященнаго Симона, епископа рязанскаго и шацкаго
210 _aМосква
_cв Синодальной типографии
_d1807
215 _a[2], IX, 32, [1], 362, 23, [3] с., [1] л. ил.
_d8° (22 см)
300 _aПредисл. и Увещание еп. Симона
300 _aАвт. установлен по изд.: Сопиков. Опыт рос. словесности, № 6572
321 1 _aСК 1801-1825 3004
700 0 _6z01790
_aИероним
_cАлякринский, Иоанн Степанович
_f1738-1828
702 0 _aСимон
_4080
_4100
790 1 _6z01700
_aАлякринский
_bИ. С.
_f1738-1828
_gИоанн Степанович
801 0 _aRU
_bNLR
_gpsbo
801 1 _aRU
_bProSoft-M
_2rusmarc
801 2 _aRU
_bNLR
_c20150916
_2rusmarc
852 _aNLR
_j18.115.4.21
852 _aNLR
_j139/345
852 _aNLR
_bРЗФ
_j18 в. 5/199
852 _aNLR
_bРЗФ
_j18 в. 5/199а
942 _cBOOK
980 _aNB